Passio Domini Nostri Iesu Christi secundum Matthaeum, op. 11 pre mužský švorhlas (1870) b

Bibliographic Details
Main Author: Bella, Ján Levoslav, 1843-1936 (Adapter, Composer)
Other Authors: Bill, Dušan, 1945- (Editor)
Format: Musical Score Book
Language:Slovak
Latin
Published: Bratislava Hudobné centrum 2022
Edition:1. vydanie
Series:Musica sacra
Subjects:

MARC

LEADER 00000ncm a2200000 4500
001 vtls012228260
003 SK-MaSNL
005 20260331211849.0
007 qu
008 230424s2022 xo pma g slo
015 |a SNBH2024 
024 2 |a 9790685031093 (brožované) 
028 3 1 |a HC 2025  |b Hudobné centrum 
040 |a SNK  |b slo  |c SNK  |e rda 
041 0 |a slo  |a lat 
044 |a xo  |c SK 
048 |a cc01 
072 7 |a 783  |x Cirkevná hudba. Duchovná hudba. Náboženská hudba  |2 konspekt 
080 |a 783  |2 2011 
080 |a 783.3  |2 2011 
080 |a 78.087.62/.67  |2 2011 
080 |a 78.089.6  |2 2011 
100 1 |a Bella, Ján Levoslav,  |d 1843-1936  |4 adp  |4 cmp  |9 105955 
245 1 0 |a Passio Domini Nostri Iesu Christi secundum Matthaeum, op. 11 pre mužský švorhlas (1870) b  |h hudobnina  |c Ján Levoslav Bella ; editor: Dušan Bill 
250 |a 1. vydanie 
254 |a Partitúra 
264 1 |a Bratislava  |b Hudobné centrum  |c 2022 
300 |a 1 partitúra (56 strán)  |c 30 cm 
336 |a zápis hudby  |b ntm  |2 rdacontent 
337 |a bez média  |b n  |2 rdamedia 
338 |a zväzok  |b nc  |2 rdacarrier 
382 |a mužský zbor (štvorhlas) 
490 1 |a Musica sacra  |v 10 
504 |a Obsahuje bibliografické odkazy 
546 |a Text skladby v latinčine 
650 0 7 |a viachlasné vokálne skladby  |2 SNKPH  |9 400987 
650 0 7 |a Sacred music  |2 SNKPHeng  |9 267668 
650 0 7 |a Part songs  |2 SNKPHeng  |9 400988 
650 0 7 |a duchovná hudba  |2 SNKPH  |9 1749 
650 0 7 |a pašie  |2 SNKPH  |9 3438 
650 0 7 |a Passion music  |2 SNKPHeng  |9 352250 
655 7 |a partitúry  |2 SNKPH  |9 70123 
655 7 |a Scores  |2 SNKPHeng  |9 285331 
700 1 |a Bill, Dušan,  |d 1945-  |4 edt  |9 41947 
830 0 |a Musica sacra  |9 400989 
852 |a Slovenská národná knižnica 
918 |a 979-0-68503-1109-3 
958 |a NB 
999 |c 1163913  |d 1165843 
952 |a SNK  |b SNK  |y PREZ  |7 0  |p 17A1528253  |o snkHSB 4805  |i snk2023/6602  |8 0  |0 0  |1 0  |4 0  |d 2023-04-24  |l 0  |r 2026-02-24 20:41:30  |w 2026-02-24 
952 |a SNK  |b SNK  |y VYP  |7 0  |p 17A1528252  |o snkHSB 4805 D1  |i snk2023/6603  |8 0  |0 0  |1 0  |4 0  |d 2023-04-24  |l 0  |r 2026-02-24 20:41:30  |w 2026-02-24